000 00763nam a22002537a 4500
003 dpl
005 20180622165159.0
008 180622b xxu||||| |||| 00| 0 eng d
010 _aA-943832
020 _c600.00
_a817680371
035 _aA-943832, A-943836
037 _bCen Lib/Ret
040 _aDPL
_bEN
_c0
082 _a658.45
_bNAR
100 _aNarayan, B.
_9106876
245 _aCommunication Management /
_cby B. Narayan
260 _aNew Delhi
_bA. P. H. Publishing Corporation
_c1999
270 _a5, Ansari Road, Darya Ganj
_bNew Delhi
_e110002
300 _a284p. :
_c21cm(Hb)
500 _aIncludes index
650 _aCommunication
_99469
650 _aCommunication--Management
_9106877
942 _2ddc
_cEN
_h658.45
_mNAR
999 _c134555
_d134555